[Event "I IRT Sub-2200 Villa de Xàbia 2015"]
[Site "Xavia ESP"]
[Date "2015.04.26"]
[Round "6.2"]
[White "Hassomal Daswani, Birjkumar"]
[Black "Cebrian Flores, Juan Antonio"]
[Result "1-0"]
[WhiteElo "2079"]
[BlackElo "1981"]
[PlyCount "83"]
[EventDate "2015.04.24"]
[EventType "swiss"]
[EventRounds "7"]
[EventCountry "ESP"]
[Source "lmi"]
[SourceDate "2015.04.24"]

1. e4 g6 2. d4 Bg7 3. Nf3 d6 4. Nc3 a6 5. Be3 b5 6. a3 Nd7 7. Be2 Bb7 8. O-O
Rc8 9. Nd2 c5 10. Nb3 b4 11. axb4 cxb4 12. Na2 a5 13. f3 Ngf6 14. Nac1 Ra8 15.
Nd3 O-O 16. Nd2 Rc8 17. b3 Ba6 18. Re1 Qc7 19. Ra2 Bb5 20. Nf2 Bxe2 21. Qxe2
Ra8 22. Rea1 Rfc8 23. Nd3 Nb6 24. Qf2 Nfd7 25. Rc1 a4 26. Nxb4 Qc3 27. Nd3 axb3
28. Rxa8 Rxa8 29. Nxb3 Nc4 30. Qe1 Qxe1+ 31. Rxe1 Ra2 32. Nb4 Ra4 33. Nd5 Ra2
34. Re2 Kf8 35. Nc3 Ra3 36. Bf2 Nf6 37. Re1 Ra8 38. Ra1 Rxa1+ 39. Nxa1 Na3 40.
Kf1 Bh6 41. Ke2 Bc1 42. Kd3 1-0

[Event "I IRT Sub-2200 Villa de Xàbia 2015"]
[Site "Xavia ESP"]
[Date "2015.04.26"]
[Round "6.4"]
[White "Barbero Verdu, Francisco"]
[Black "Uran Bermudez, Oliver Kevin"]
[Result "0-1"]
[WhiteElo "2059"]
[BlackElo "2174"]
[PlyCount "88"]
[EventDate "2015.04.24"]
[EventType "swiss"]
[EventRounds "7"]
[EventCountry "ESP"]
[Source "lmi"]
[SourceDate "2015.04.24"]

1. b3 f5 2. Bb2 Nf6 3. Nf3 d6 4. d4 e6 5. e3 Be7 6. Be2 O-O 7. O-O Ne4 8. c4
Bd7 9. Nc3 Nxc3 10. Bxc3 Be8 11. Qc2 Bg6 12. Bd3 d5 13. Ne5 Nd7 14. Nxg6 hxg6
15. cxd5 exd5 16. Rac1 Bd6 17. g3 Qg5 18. Bd2 Qh5 19. Qd1 Qh3 20. Qf3 Nf6 21.
Rfe1 Ne4 22. Bf1 Qh5 23. Qxh5 gxh5 24. Red1 h4 25. Kg2 g5 26. Be1 hxg3 27. hxg3
f4 28. gxf4 gxf4 29. f3 Nf6 30. Bd2 fxe3 31. Bxe3 Kf7 32. Rc2 Rh8 33. Kg1 Rae8
34. Rd3 Rh4 35. Rg2 Reh8 36. Kf2 Nh5 37. Bg5 Rh1 38. Re3 Bg3+ 39. Ke2 Bd6 40.
Kf2 Ng7 41. Bd3 Ne6 42. Bf5 Nxd4 43. Bd7 Ra1 44. Re1 Rxa2+ 0-1

[Event "I IRT Sub-2200 Villa de Xàbia 2015"]
[Site "Xavia ESP"]
[Date "2015.04.26"]
[Round "6.5"]
[White "Pena Riasco, Alexander"]
[Black "Megias Ortiz, Vicente Manuel"]
[Result "1-0"]
[WhiteElo "2122"]
[BlackElo "2017"]
[PlyCount "39"]
[EventDate "2015.04.24"]
[EventType "swiss"]
[EventRounds "7"]
[EventCountry "ESP"]
[Source "lmi"]
[SourceDate "2015.04.24"]

1. e4 e6 2. d4 d5 3. Nc3 Nf6 4. e5 Nfd7 5. Qg4 c5 6. dxc5 Nxe5 7. Qg3 f6 8. Be3
g6 9. O-O-O Qa5 10. f4 Ned7 11. f5 gxf5 12. Be2 Nxc5 13. Bh5+ Kd7 14. Nge2 Ne4
15. Nxe4 fxe4 16. Nc3 Kc6 17. Kb1 Qc7 18. Bf4 Bd6 19. Nxd5 exd5 20. Qc3+ 1-0

[Event "I IRT Sub-2200 Villa de Xàbia 2015"]
[Site "Xavia ESP"]
[Date "2015.04.26"]
[Round "7.1"]
[White "Hassomal Daswani, Birjkumar"]
[Black "Garcia Amoros, Pablo"]
[Result "0-1"]
[WhiteElo "2079"]
[BlackElo "2133"]
[PlyCount "64"]
[EventDate "2015.04.24"]
[EventType "swiss"]
[EventRounds "7"]
[EventCountry "ESP"]
[Source "lmi"]
[SourceDate "2015.04.24"]

1. e4 c5 2. Nf3 d6 3. d4 cxd4 4. Nxd4 Nf6 5. Nc3 a6 6. Be3 e5 7. Nb3 Be6 8. Be2
Be7 9. O-O O-O 10. Bf3 b5 11. Qd2 Nbd7 12. Rad1 Qc7 13. Ne2 Rfc8 14. c3 a5 15.
Ng3 a4 16. Nc1 a3 17. b3 Qxc3 18. Qxc3 Rxc3 19. Bd2 Rc2 20. Bb4 Nc5 21. Rfe1
Na6 22. Bxd6 Bxd6 23. Rxd6 Nb4 24. Red1 g6 25. Be2 Nxa2 26. Nxa2 Rxa2 27. Bxb5
Rb2 28. Ba4 a2 29. Ra1 Rb1+ 30. Rd1 Rxd1+ 31. Rxd1 Bxb3 32. Bxb3 a1=Q 0-1

[Event "I IRT Sub-2200 Villa de Xàbia 2015"]
[Site "Xavia ESP"]
[Date "2015.04.26"]
[Round "7.2"]
[White "Riquelme Valero, Manuel Damian"]
[Black "Sanchez Barbado, Carlos"]
[Result "1-0"]
[WhiteElo "2127"]
[BlackElo "2120"]
[PlyCount "37"]
[EventDate "2015.04.24"]
[EventType "swiss"]
[EventRounds "7"]
[EventCountry "ESP"]
[Source "lmi"]
[SourceDate "2015.04.24"]

1. d4 f5 2. g3 e6 3. Bg2 Nf6 4. Nf3 d6 5. c4 Be7 6. O-O O-O 7. Nc3 Nc6 8. d5
Ne5 9. Nd4 Nxc4 10. Nxe6 Bxe6 11. dxe6 c6 12. Qd3 d5 13. Qxf5 Ne4 14. Qh3 Nxc3
15. bxc3 Bf6 16. Rb1 b6 17. e4 Bxc3 18. exd5 cxd5 19. e7 1-0

[Event "I IRT Sub-2200 Villa de Xàbia 2015"]
[Site "Xavia ESP"]
[Date "2015.04.26"]
[Round "7.4"]
[White "Del Valle Domenech, Rafael"]
[Black "Rodriguez Ferrer, Pablo"]
[Result "1/2-1/2"]
[WhiteElo "2040"]
[BlackElo "2072"]
[PlyCount "60"]
[EventDate "2015.04.24"]
[EventType "swiss"]
[EventRounds "7"]
[EventCountry "ESP"]
[Source "lmi"]
[SourceDate "2015.04.24"]

1. d4 Nf6 2. c4 c5 3. Nf3 e6 4. Nc3 d5 5. e3 Nc6 6. Be2 dxc4 7. Bxc4 cxd4 8.
exd4 Be7 9. a3 O-O 10. O-O Nd5 11. Qe2 Bf6 12. Rd1 Nce7 13. Ne4 Qb6 14. Be3 Nf5
15. Nxf6+ Nxf6 16. d5 Nxe3 17. Qxe3 Qxe3 18. fxe3 Nxd5 19. Bxd5 exd5 20. Rxd5
Be6 21. Rc5 Rac8 22. Rac1 Rxc5 23. Rxc5 Rc8 24. Rxc8+ Bxc8 25. e4 Kf8 26. Kf2
Ke7 27. Ke3 h6 28. Kd4 Kd6 29. Ne5 Be6 30. Nd3 f6 1/2-1/2

[Event "I IRT Sub-2200 Villa de Xàbia 2015"]
[Site "Xavia ESP"]
[Date "2015.04.26"]
[Round "7.5"]
[White "Morell Ibarra, Javier"]
[Black "Insa Alfonso, Pablo"]
[Result "1/2-1/2"]
[WhiteElo "1622"]
[BlackElo "2104"]
[PlyCount "113"]
[EventDate "2015.04.24"]
[EventType "swiss"]
[EventRounds "7"]
[EventCountry "ESP"]
[Source "lmi"]
[SourceDate "2015.04.24"]

1. d4 d5 2. e4 dxe4 3. Nc3 Nf6 4. f3 e3 5. Bxe3 e6 6. Bd3 a6 7. Nge2 Nbd7 8.
O-O Be7 9. Qe1 b5 10. Qg3 g6 11. Ne4 Nh5 12. Qf2 O-O 13. Bh6 Re8 14. g4 Ng7 15.
Rae1 Bb7 16. Rd1 Rc8 17. Be3 Nf6 18. Nxf6+ Bxf6 19. Be4 Bd5 20. b3 Bg5 21. Bxg5
Qxg5 22. Kh1 f5 23. gxf5 Nxf5 24. Rg1 Qe3 25. Qxe3 Nxe3 26. Rd2 c5 27. Bxd5
exd5 28. c3 c4 29. b4 Rf8 30. f4 Rce8 31. h3 Nf5 32. Rc2 Re3 33. Kh2 Rfe8 34.
Ng3 Nxg3 35. Rxg3 Rxg3 36. Kxg3 Re3+ 37. Kg4 h5+ 38. Kg5 Kg7 39. f5 gxf5 40.
Kxf5 Rxh3 41. Ke5 h4 42. Kxd5 Rg3 43. Kc6 h3 44. Rh2 Rxc3 45. d5 Rd3 46. d6 Kf7
47. Kc7 Ke6 48. Re2+ Kf5 49. d7 Kf4 50. d8=Q Rxd8 51. Kxd8 Kf3 52. Re6 h2 53.
Rf6+ Kg2 54. Rg6+ Kf2 55. Rh6 Kg2 56. Rg6+ Kf2 57. Rh6 1/2-1/2